| 000 | 00664nam a2200241Ia 4500 | ||
|---|---|---|---|
| 003 | OSt | ||
| 005 | 20221005085032.0 | ||
| 006 | a|||||r|||| 00| 0 | ||
| 007 | ta | ||
| 008 | 221004b |||||||| |||| 00| 0 eng d | ||
| 024 | _a18106 | ||
| 037 |
_bGift, 28/05/2015, _cTextual |
||
| 040 |
_aCRL _cCRL _beng |
||
| 041 |
_2eng _aeng |
||
| 082 | _aO111,3L17x:g, N6 | ||
| 100 | _aMudrick Marvin | ||
| 245 | 0 | _aCastle of otranto | |
| 260 |
_aNew York _bCollier Books USA _c1963 |
||
| 300 |
_a128p. _ccm. |
||
| 650 | _aENGLISH LITERATURE | ||
| 942 |
_hO111,3L17x:g, N6 _cTEXL _2cc |
||
| 999 |
_c993517 _d993517 |
||